Virilidad ¿Conocemos el costo de ser hombre? /

Salvato in:
Dettagli Bibliografici
Autore principale: Aréz Muzio, Patricia
Natura: testo
Soggetti:
Tags: Aggiungi Tag
Nessun Tag, puoi essere il primo ad aggiungerne!!

MARC

LEADER 00000 a a2200000 04500
001 4134
003
040
100 |a Aréz Muzio, Patricia  
245 |a Virilidad ¿Conocemos el costo de ser hombre? /  |c Patricia Aréz Muzio 
650 |a MUJERES  
650 |a ROL FEMENINO  
650 |a VALORES SOCIALES  
650 |a PADRES  
650 |a HOMBRES  
650 |a ROL MASCULINO  
773 |g volumen 35, número 1 (131); páginas 29-45  
999 |c 20258  |d 20258